New Zealand / (Record no. 148317)

MARC details
000 -LEADER
campo de control de longitud fija 00542nam a2200181 4500
001 - NÚMERO DE CONTROL
campo de control 148317
003 - IDENTIFICADOR DE NÚMERO DE CONTROL
campo de control ES-MaACL
005 - FECHA Y HORA DE LA ÚLTIMA TRANSACCIÓN
campo de control 20230906202543.0
007 - CAMPO FIJO DE DESCRIPCIÓN FÍSICA--INFORMACIÓN GENERAL
campo de control de longitud fija t|
008 - DATOS DE LONGITUD FIJA--INFORMACIÓN GENERAL
campo de control de longitud fija 070214s1911 xxk r ||||1| eng d
100 1# - ENTRADA PRINCIPAL--NOMBRE DE PERSONA
Nombre de persona Stout, Robert.
9 (RLIN) 108344
245 10 - MENCIÓN DEL TÍTULO
Título New Zealand /
Mención de responsabilidad, etc. by Robert Stout and J. Logan Stout.
260 ## - PUBLICACIÓN, DISTRIBUCIÓN, ETC.
Lugar de publicación, distribución, etc. [S. l.] :
Nombre del editor, distribuidor, etc. Cambridge University Press,
Fecha de publicación, distribución, etc. 1911.
300 ## - DESCRIPCIÓN FÍSICA
Extensión 184 p. :
Otras características físicas il. ;
Dimensiones 16 x 12 cm.
651 #4 - PUNTO DE ACCESO ADICIONAL DE MATERIA--NOMBRE GEOGRÁFICO
Nombre geográfico Nueva Zelanda-
Subdivisión general Descripción.
9 (RLIN) 155596
700 1# - ENTRADA AGREGADA--NOMBRE PERSONAL
Nombre de persona Stout, John Logan.
9 (RLIN) 108342
852 ## - LOCALIZACIÓN
Ubicación ES-MaACL
Número de control de estantería D-3281
Holdings
Estatus retirado Estado de pérdida Estado de daño No para préstamo Biblioteca de origen Biblioteca actual Ubicación en estantería Fecha de adquisición Fuente de adquisición Total de préstamos Signatura topográfica completa Código de barras Visto por última vez Precio de reemplazo Tipo de ítem Koha
        Biblioteca del Ateneo de Madrid Biblioteca del Ateneo de Madrid Sala Valle Inclán 17/01/2008     D-3281 901154785 23/02/2023 23/02/2023 Libro impreso